000 00727nam a22002297a 4500
005 20250116095439.0
008 240208b ||||| |||| 00| 0 eng d
020 _a9781984680341
082 _22023
_aDC 641.5
_bT413
100 _a3G E-Learning.
_933638
245 _aA visual reference for prep cook /
_c3G E-Learning.
250 _aSecond edition.
260 _aNew York :
_b3G E-Learning LLC,
_c©2023.
300 _avii, 250 pages :
_bcolor illustrations ;
_c23 cm.
500 _aIncludes index and refererences.
650 _aCooking.
_952419
650 _aCooking
_xManagement.
_952420
650 _aFood industry.
_952421
650 _aFood service.
_952422
710 _a3G E-Learning.
_933638
942 _2ddc
_cDC
999 _c19042
_d19042